000 00620nam a2200241Ia 4500
003 OSt
005 20221007103636.0
006 a|||||r|||| 00| 0
007 ta
008 221006b |||||||| |||| 00| 0 eng d
024 _a13,653
037 _cTextual
040 _aLCO
_cLCO
_beng
041 _2eng
_aeng
082 _aZ2,94, L8
100 _aEggleston S.R.
_9705394
245 0 _aEvidence, proof and probability
260 _aLondon
_bWeidenfeld and Nicoloson UK
_c1978
300 _a226
650 _aEVIDENCE
942 _hZ2,94, L8
_cTEXL
999 _c1183216
_d1183216